Countries With the Most Warships - Statistics

General Stats
  • This quiz has been taken 107 times
  • The average score is 14 of 20
Answer Stats
Total Number of Warships Continent which you can locate this country Answer % Correct
598 Europe/Asia Russia
100%
730 Asia China
99%
484 North America USA
99%
295 Asia India
89%
155 Asia Japan
89%
313 Europe Italy
79%
157 Asia South Korea
79%
519 Asia North Korea
78%
166 Europe Spain
77%
324 Asia Indonesia
74%
194 North America Mexico
71%
367 Europe Sweden
70%
245 Africa Egypt
66%
265 South America Colombia
64%
292 Asia Thailand
64%
246 Europe Finland
46%
210 Asia Myanmar
41%
201 Africa Algeria
38%
170 South America Bolivia
29%
275 Asia Sri Lanka
18%
No matching quizzes found
Score Distribution
Percent of People with Each Score
Percentile by Number Answered
Your Score History
You have not taken this quiz